Licinio de la Fuente y Montserrat Caballé, medallas de oro de la Provincia
Publicado:
San Jorge, núm. 94 (2n, 3r i 4t trimestre 1974), pàg 15 :
MARC
| LEADER | 00000nam a2200000Ia 4500 | ||
|---|---|---|---|
| 001 | |||
| 008 | 160829s9999 xx 000 0 cat d | ||
| 245 | |a Licinio de la Fuente y Montserrat Caballé, medallas de oro de la Provincia | ||
| 260 | |a San Jorge, núm. 94 (2n, 3r i 4t trimestre 1974), pàg 15 | ||
| 650 | 0 | |a Medalla d'Or de la Provincia de Barcelona |9 30314 | |
| 650 | |a Fuente, Licinio de la |x Medalles |9 41532 | ||
| 650 | |a Caballé, Montserrat |x Medalles |9 41533 | ||
| 901 | |a Arxiu | ||
| 942 | |n 1 | ||
| 952 | |0 0 |1 0 |4 0 |7 1 |9 50249 |a Arxiu |b Arxiu |d 2016-12-01 |l 0 |r 2016-12-01 00:00:00 |w 2016-12-01 |y ARXIU | ||
| 999 | |c 54091 |d 54091 | ||